书目信息 |
| 题名: |
日语入门
|
|
| 作者: | 周炎辉 主编 | |
| 分册: | 上册 | |
| 出版信息: | 北京 人民教育出版社 1982 |
|
| 页数: | 194页 | |
| 开本: | 21cm | |
| 丛书名: | ||
| 单 册: | ||
| 中图分类: | H36 | |
| 科图分类: | ||
| 主题词: | 日语 | |
| 电子资源: | ||
| ISBN: | ||
| 000 | 00630nam0 2200241 45 | |
| 001 | 0182005125 | |
| 005 | 20060420150858.95 | |
| 010 | @dCNY0.67 | |
| 091 | @a9012.0147 | |
| 100 | @a19950619f1982 em y0chiy0121 ea | |
| 101 | 0 | @achi@ajpn |
| 102 | @aCN@b110000 | |
| 105 | @ay z 000yy | |
| 200 | 10 | @a日语入门@Ari yu ru men@h上册@f周炎辉主编@Fzhou yan hui zhu bian |
| 210 | @a北京@c人民教育出版社@d1982 | |
| 215 | @a194页@d21cm | |
| 300 | @a广播教材 | |
| 606 | @a日语 | |
| 690 | @aH36@v3 | |
| 701 | 0 | @a周炎辉@Azhou yan hui@4主编 |
| 801 | 0 | @aCN@bTSSF@c20060420 |
| 801 | 2 | @aCN@bNLC@c20060418 |
| 905 | @a10447@dH36@e106:1 | |
| 日语入门.上册/周炎辉主编.-北京:人民教育出版社,1982 |
| 194页;21cm |
| 广播教材 |
| ISBN :CNY0.67 |
| ● |
| 相关链接 |
|
|
|
|
正题名:日语入门
索取号:H36/106:1
 
预约/预借
| 序号 | 登录号 | 条形码 | 馆藏地/架位号 | 状态 | 备注 |
| 1 | 0178444 | 202266289 | 密集书库/ [索取号:H36/106:1] | 在馆 | |
| 2 | 0178445 | 001056500 | 密集书库/ [索取号:H36/106:1] | 在馆 |